| 000 | 00655nam a2200181 i 4500 | ||
|---|---|---|---|
| 001 | 129340 | ||
| 003 | ES-MaACL | ||
| 005 | 20230906193501.0 | ||
| 007 | t| | ||
| 008 | 070612s1952 sp ||||1| spa d | ||
| 100 | 1 |
_aTerrero, José. _9109785 |
|
| 245 | 1 | 0 |
_aItinerario del Quijote de Avellaneda y su influencia en el Cervantino / _cJosé Terrero. |
| 260 |
_aMadrid : _bImp. Galo Sèz, _c1952. |
||
| 300 |
_a33 p., 3 map. pleg. ; _c25 cm. |
||
| 500 | _aDe Anales Cervantinos. Tomo II 1952. | ||
| 600 | 1 | 4 |
_aFernández de Avellaneda, Alonso. _tSegundo tomo del ingenioso hidalgo don Quijote de la Mancha. _949625 |
| 852 |
_aES-MaACL _j1944-F-3 _bR.33173 |
||
| 999 |
_c129340 _d129340 |
||